[Event "27th ECh U20"]
[Site "Patras GRE"]
[Date "1999.10.06"]
[Round "2"]
[White "Cvek, Robert"]
[Black "Anchev, Nikolai"]
[Result "1/2-1/2"]
[WhiteElo "2444"]
[BlackElo "2155"]
[EventDate "1999.10.02"]
[PlyCount "118"]

1.Nf3 d5 2.b3 Nf6 3.Bb2 Bf5 4.g3 e6 5.Bg2 Be7 6.d3 h6 7.Nbd2 O-O 8.O-O 
Nbd7 9.Qe1 c6 10.e4 dxe4 11.dxe4 Bh7 12.Qe2 Qc7 13.a3 Nc5 14.Ne5 Rfd8 15.
Rad1 Rac8 16.Kh1 Bf8 17.f4 Qe7 18.Nec4 Nfd7 19.g4 b5 20.Ne3 e5 21.f5 g5 
22.Bf3 Nb6 23.Rfe1 Nb7 24.Ndf1 f6 25.Ng3 Qf7 26.Nh5 Bc5 27.Nf1 a5 28.h4 
Qe7 29.Qh2 Rxd1 30.Rxd1 Rd8 31.hxg5 Rxd1 32.Bxd1 hxg5 33.Be2 Nd6 34.Bd3 
Ne8 35.Qd2 b4 36.a4 Kf8 37.Qh2 Bg8 38.Nd2 Bd6 39.Qe2 Qh7 40.Kg2 Bf7 41.Ng3
Bc5 42.Nf3 Qh8 43.Nf1 Nd6 44.N1d2 Qg8 45.Qe1 Nd7 46.Bf1 Ke7 47.Qe2 Qc8 48.
Kg3 Qa8 49.Bc1 Bb6 50.Nxg5 fxg5 51.Nf3 Qg8 52.Nxg5 Nf6 53.Bg2 Be8 54.Qa6 
Bc7 55.Qa7 Kd7 56.Be3 Nc8 57.Qa6 Bf7 58.Bf3 Nd6 59.Qa7 Nc8 1/2-1/2

[Event "27th ECh U20"]
[Site "Patras GRE"]
[Date "1999.10.06"]
[Round "2"]
[White "Karner, Christoph"]
[Black "Medvegy, Zoltan"]
[Result "0-1"]
[WhiteElo "2181"]
[BlackElo "2397"]
[EventDate "1999.10.02"]
[PlyCount "50"]

1.d4 Nf6 2.c4 e6 3.Nc3 Bb4 4.a3 Bxc3+ 5.bxc3 c5 6.e3 d6 7.Bd3 e5 8.Ne2 O-O
9.O-O Nc6 10.e4 Qe7 11.d5 Na5 12.Ng3 b6 13.h3 Ne8 14.f4 exf4 15.Bxf4 g6 
16.Qe2 f6 17.Rf3 Bd7 18.Nf1 Ng7 19.Re1 Rae8 20.Ne3 Nb7 21.Bh6 Nd8 22.Ref1 
Nf7 23.Bf4 Nh5 24.Qf2 f5 25.Bh2 Ng5 0-1

[Event "27th ECh U20"]
[Site "Patras GRE"]
[Date "1999.10.06"]
[Round "2"]
[White "Berescu, Alin"]
[Black "Eriksson, Jonas"]
[Result "1/2-1/2"]
[WhiteElo "2386"]
[BlackElo "2188"]
[EventDate "1999.10.02"]
[PlyCount "90"]

1.f4 Nf6 2.Nf3 g6 3.g3 Bg7 4.Bg2 O-O 5.O-O d6 6.d3 Nbd7 7.e4 e5 8.Nc3 c6 
9.f5 b5 10.Qe1 Qb6+ 11.Kh1 b4 12.Nd1 Ba6 13.Be3 Qb7 14.Nh4 d5 15.Rg1 dxe4 
16.dxe4 Rfd8 17.Bf3 c5 18.g4 Bb5 19.Nf2 Bc6 20.Bd2 Ne8 21.a3 a5 22.Rd1 Bf8
23.Bc1 c4 24.fxg6 hxg6 25.Nf5 Nc5 26.Rxd8 Rxd8 27.Qe3 Nf6 28.Ng3 Ne6 29.
Rf1 Nd4 30.Bd1 Nh7 31.g5 Ne6 32.axb4 axb4 33.h4 Bc5 34.Qe1 Bxf2 35.Qxf2 
Bxe4+ 36.Nxe4 Qxe4+ 37.Kh2 Nf4 38.Bg4 Nf8 39.Bxf4 Qxf4+ 40.Qxf4 exf4 41.
Kg2 Ne6 42.Rf2 Rd4 43.Bxe6 fxe6 44.c3 bxc3 45.bxc3 Rd3 1/2-1/2

[Event "27th ECh U20"]
[Site "Patras GRE"]
[Date "1999.10.06"]
[Round "2"]
[White "Haznedaroglu, Kivanc"]
[Black "Johannessen, Leif Erlend"]
[Result "1/2-1/2"]
[WhiteElo "2187"]
[BlackElo "2356"]
[EventDate "1999.10.02"]
[PlyCount "72"]

1.d4 e6 2.Nf3 Nf6 3.Bg5 Be7 4.e3 b6 5.Bd3 Bb7 6.Nbd2 c5 7.c3 h6 8.Bxf6 
Bxf6 9.e4 d6 10.Qe2 O-O 11.e5 Be7 12.O-O Nc6 13.Rad1 cxd4 14.cxd4 Nb4 15.
Bb1 Rc8 16.a3 Nd5 17.Qe4 g6 18.Qg4 Kg7 19.Rfe1 dxe5 20.dxe5 b5 21.Nd4 Qb6 
22.Ne4 h5 23.Qg3 Rc4 24.Nf3 b4 25.Bd3 Rxe4 26.Bxe4 bxa3 27.bxa3 Nc3 28.Rb1
Nxb1 29.Rxb1 Bxe4 30.Rxb6 axb6 31.Qf4 Bd5 32.a4 Ra8 33.Ng5 Bxg5 34.Qxg5 
Rxa4 35.Qf6+ Kg8 36.Qd8+ Kh7 1/2-1/2

[Event "27th ECh U20"]
[Site "Patras GRE"]
[Date "1999.10.06"]
[Round "2"]
[White "Erturan, Yakup"]
[Black "Petrik, Tomas"]
[Result "1/2-1/2"]
[WhiteElo "2148"]
[BlackElo "2296"]
[EventDate "1999.10.02"]
[PlyCount "144"]

1.e4 e6 2.d4 d5 3.e5 c5 4.c3 Nc6 5.Nf3 Qb6 6.a3 c4 7.Nbd2 Na5 8.Rb1 Bd7 9.
g3 Bb5 10.b3 cxb3 11.Bxb5+ Qxb5 12.Nxb3 Ne7 13.Nfd2 Nxb3 14.Qxb3 Qxb3 15.
Rxb3 b6 16.Ke2 Nc6 17.f4 f6 18.exf6 gxf6 19.Kd3 Kf7 20.Re1 h5 21.Nf3 Bd6 
22.Rb5 Ne7 23.Nh4 Rab8 24.f5 e5 25.dxe5 Bxe5 26.Nf3 a6 27.Rb1 Bd6 28.Nh4 
Rhc8 29.Be3 Be5 30.Bd2 Rc4 31.Ng2 Nxf5 32.Rf1 Ne7 33.Rbe1 Kg7 34.Nf4 Rbc8 
35.Nxh5+ Kg6 36.Nf4+ Bxf4 37.Rxf4 Nc6 38.Re6 Ne5+ 39.Kc2 Rxf4 40.Bxf4 Nc4 
41.a4 Kf5 42.Re7 Ne5 43.Be3 d4 44.Bxd4 Nc6 45.g4+ Kg6 46.Rd7 b5 47.axb5 
axb5 48.Kb3 Rh8 49.Bxf6 Kxf6 50.Rd6+ Ke5 51.Rxc6 Kd5 52.Rg6 Rxh2 53.Rg8 
Rg2 54.g5 Ke6 55.g6 Kf6 56.Rb8 Rg5 57.Kb4 Rg3 58.Rxb5 Kxg6 59.Re5 Kf6 60.
Re1 Rg8 61.c4 Rb8+ 62.Kc3 Rc8 63.Re2 Kf5 64.Re3 Kf6 65.Kb4 Rb8+ 66.Ka5 Rc8
67.Kb5 Rb8+ 68.Ka6 Rc8 69.Rc3 Ke5 70.Kb7 Rc5 71.Kb6 Kd4 72.Rd3+ Kxc4 
1/2-1/2

[Event "27th ECh U20"]
[Site "Patras GRE"]
[Date "1999.10.06"]
[Round "2"]
[White "Touloumis, Anestis"]
[Black "Streikus, Simonas"]
[Result "0-1"]
[WhiteElo "2111"]
[BlackElo "2267"]
[EventDate "1999.10.02"]
[PlyCount "118"]

1.e4 c6 2.c4 d5 3.cxd5 cxd5 4.exd5 Nf6 5.Nc3 g6 6.Nf3 Bg7 7.d4 O-O 8.Bd3 
Nxd5 9.Qb3 Nb6 10.O-O Be6 11.Qd1 Bxd4 12.Be4 Bxc3 13.Bxb7 Bf6 14.Bxa8 Nxa8
15.Bh6 Qxd1 16.Rfxd1 Re8 17.Nd4 Bc4 18.b3 Bd5 19.Rac1 e6 20.Nb5 a6 21.Nd6 
Rd8 22.Ne4 Be7 23.Nc3 Nb6 24.a4 Bxb3 25.Rxd8+ Bxd8 26.a5 Nc4 27.Ne4 Nc6 
28.Nd2 Nd4 29.Kh1 Nd6 30.Be3 Bxa5 31.Bxd4 Bxd2 32.Rc6 Ne8 33.Rxa6 Bd5 34.
Ra7 Bg5 35.Kg1 Bf6 36.Bxf6 Nxf6 37.f3 Kg7 38.Kf2 Ne8 39.Re7 Nd6 40.Rd7 Nc4
41.Rc7 g5 42.Kg3 Kg6 43.h4 h6 44.hxg5 hxg5 45.Rc5 Kf5 46.Rb5 f6 47.Rb1 Ke5
48.Re1+ Kf5 49.Rb1 Kg6 50.Rb5 f5 51.Rc5 f4+ 52.Kf2 Kf5 53.Rc8 Ne3 54.Rf8+ 
Ke5 55.Rg8 g4 56.fxg4 Nxg2 57.Rf8 Ne3 58.g5 Ng4+ 59.Kf1 Be4 0-1

[Event "27th ECh U20"]
[Site "Patras GRE"]
[Date "1999.10.07"]
[Round "3"]
[White "De Vreugt, Dennis"]
[Black "Solak, Dragan"]
[Result "1/2-1/2"]
[WhiteElo "2398"]
[BlackElo "2457"]
[EventDate "1999.10.02"]
[PlyCount "101"]

1.e4 c5 2.Nf3 e6 3.d4 cxd4 4.Nxd4 a6 5.Bd3 Nc6 6.Nxc6 dxc6 7.Nd2 e5 8.Qh5 
Bd6 9.Nc4 Bc7 10.Bg5 Nf6 11.Qe2 h6 12.Bh4 Be6 13.O-O-O Qe7 14.f4 Bxc4 15.
Bxc4 b5 16.Bd3 Qe6 17.Kb1 exf4 18.Bxf6 gxf6 19.Qf2 Be5 20.Be2 Qe7 21.a3 
Qa7 22.Qh4 Ke7 23.Qh3 Rad8 24.Bh5 Rxd1+ 25.Rxd1 Rd8 26.Rxd8 Kxd8 27.Qd3+ 
Ke7 28.Qd1 a5 29.h3 b4 30.axb4 axb4 31.Qd2 Qc5 32.Bg4 Kf8 33.Bf3 Kg7 34.
Qd7 Qg1+ 35.Ka2 Qc1 36.Qg4+ Kf8 37.Qc8+ Kg7 38.Qg4+ Kf8 39.Qc8+ Ke7 40.
Qb7+ Ke8 41.Qxc6+ Kf8 42.Qc5+ Kg7 43.Qxb4 Qxc2 44.Qb3 Qc6 45.Kb1 Qa6 46.
Qd1 Qb5 47.Qd2 Qc4 48.Qc2 Qf1+ 49.Qd1 Qb5 50.Qc2 Qb6 51.Qd2 1/2-1/2

[Event "27th ECh U20"]
[Site "Patras GRE"]
[Date "1999.10.07"]
[Round "3"]
[White "Stryjecki, Marek"]
[Black "Halkias, Stelios"]
[Result "0-1"]
[WhiteElo "2448"]
[BlackElo "2406"]
[EventDate "1999.10.02"]
[PlyCount "194"]

1.g3 c5 2.Bg2 d5 3.Nf3 Nc6 4.d4 e6 5.O-O Nf6 6.c4 Be7 7.Nc3 O-O 8.cxd5 
exd5 9.b3 Ne4 10.Bb2 Bf6 11.Nxe4 dxe4 12.Nd2 Bg4 13.Nxe4 Bxd4 14.Bxd4 Nxd4
15.f3 Bf5 16.e3 Bxe4 17.exd4 Bc6 18.dxc5 Qf6 19.Qc2 Rfe8 20.Rad1 Re3 21.
Rfe1 Rc3 22.Qf2 h5 23.Rc1 Rd8 24.f4 Rcd3 25.Bxc6 bxc6 26.Rc2 h4 27.gxh4 
R8d4 28.Rf1 Rd1 29.Re2 Rxf1+ 30.Qxf1 Rxf4 31.Re8+ Kh7 32.Qd3+ g6 33.Re1 
Rxh4 34.Rf1 Qe7 35.Kh1 Qe6 36.Qg3 Rh5 37.Qf4 Kg8 38.Qd4 Rd5 39.Qc4 Qh3 40.
b4 Qe6 41.a3 a6 42.Qf4 Rf5 43.Qb8+ Kg7 44.Rxf5 Qxf5 45.Kg2 Qd5+ 46.Kg1 
Qd4+ 47.Kg2 Qb2+ 48.Kg1 Qa1+ 49.Kg2 Qb2+ 50.Kg1 Qc1+ 51.Kg2 Qxa3 52.Qe5+ 
Kh7 53.Qc7 Qa2+ 54.Kg1 Qa1+ 55.Kg2 Qb2+ 56.Kg1 Qd4+ 57.Kg2 Qd5+ 58.Kg1 Kg7
59.Qb7 Qd1+ 60.Kg2 Qc2+ 61.Kg3 Qd3+ 62.Kg2 Qb5 63.Qc8 Qe2+ 64.Kg1 Qe3+ 65.
Kg2 Qe4+ 66.Kg1 Qe1+ 67.Kg2 Qe2+ 68.Kg1 Qb5 69.Qd7 Kf6 70.Qd6+ Kf5 71.Qd7+
Ke5 72.Kf2 Qa4 73.Qe7+ Kd4 74.Qf6+ Kc4 75.Qxf7+ Kxb4 76.Qxg6 Qa2+ 77.Kg3 
Qb3+ 78.Kg2 Qd5+ 79.Kg3 a5 80.Qg4+ Qc4 81.Qc8 Qd3+ 82.Kg2 Qd5+ 83.Kg3 a4 
84.Qb7+ Kxc5 85.Qa7+ Kb4 86.Qb6+ Kc3 87.Qa7 Qd6+ 88.Kg2 a3 89.Qe3+ Qd3 90.
Qe5+ Kb3 91.Qb8+ Kc2 92.Qa7 Kb2 93.Qb7+ Qb3 94.Qg7+ Kb1 95.Kh1 a2 96.Qg1+ 
Kb2 97.Qf2+ Kb1 0-1

[Event "27th ECh U20"]
[Site "Patras GRE"]
[Date "1999.10.07"]
[Round "3"]
[White "Jovanovic, Zoran"]
[Black "Dottling, Fabian"]
[Result "1/2-1/2"]
[WhiteElo "2310"]
[BlackElo "2475"]
[EventDate "1999.10.02"]
[PlyCount "40"]

1.e4 c6 2.d4 d5 3.Nc3 dxe4 4.Nxe4 Bf5 5.Nc5 b6 6.Nb3 Nf6 7.Nf3 e6 8.g3 a5 
9.a4 Be7 10.Bg2 Nd5 11.O-O O-O 12.c3 Nd7 13.Qe2 Ra7 14.Nbd2 Rc7 15.Nc4 h6 
16.Ne3 Bh7 17.Re1 N7f6 18.Nc4 Be4 19.Ncd2 Bh7 20.Nc4 Be4 1/2-1/2

[Event "27th ECh U20"]
[Site "Patras GRE"]
[Date "1999.10.07"]
[Round "3"]
[White "Lopez Martinez, Josep Manuel"]
[Black "Mateuta, Gabriel"]
[Result "1-0"]
[WhiteElo "2378"]
[BlackElo "2398"]
[EventDate "1999.10.02"]
[PlyCount "65"]

1.c4 f5 2.Nc3 Nf6 3.g3 g6 4.Bg2 Bg7 5.d3 O-O 6.e4 d6 7.Nge2 e5 8.O-O c5 9.
exf5 gxf5 10.Bg5 Nc6 11.Nd5 Be6 12.f4 Qd7 13.Nec3 Nd4 14.Qd2 Nxd5 15.Nxd5 
Kh8 16.fxe5 Bxd5 17.Bxd5 dxe5 18.Qg2 Rae8 19.Rae1 b5 20.b3 bxc4 21.bxc4 
Rb8 22.Rf2 Rb6 23.Qh3 Qa4 24.Ref1 Rfb8 25.Be3 f4 26.Bxd4 Rh6 27.Qxh6 Bxh6 
28.Bxe5+ Bg7 29.Bxb8 Bd4 30.Kh1 fxg3 31.Rf8+ Kg7 32.Rg8+ Kh6 33.Bf4+ 1-0

[Event "27th ECh U20"]
[Site "Patras GRE"]
[Date "1999.10.07"]
[Round "3"]
[White "Bagirov, Rufat"]
[Black "Perunovic, Miodrag"]
[Result "1-0"]
[WhiteElo "2471"]
[BlackElo "2247"]
[EventDate "1999.10.02"]
[PlyCount "69"]

1.d4 Nf6 2.c4 g6 3.Nc3 Bg7 4.e4 d6 5.Be2 O-O 6.Bg5 Na6 7.Qc2 c6 8.Nf3 h6 
9.Bd2 Qe8 10.O-O e5 11.d5 cxd5 12.cxd5 Bd7 13.a3 Rc8 14.b4 Nh5 15.g3 f5 
16.Ne1 f4 17.Qd1 Bh3 18.Ng2 Qf7 19.Bg4 Bxg4 20.Qxg4 Rc4 21.Nh4 Kh7 22.Qe2 
Rfc8 23.Nb5 Qd7 24.Nxa7 R8c7 25.b5 Nb8 26.Nc6 bxc6 27.Qxc4 cxb5 28.Qe2 Bf6
29.Ng2 Qh3 30.Rfc1 Rf7 31.Rc3 fxg3 32.hxg3 Qd7 33.Rb1 Qa7 34.Qxb5 Nd7 35.
Be3 1-0

[Event "27th ECh U20"]
[Site "Patras GRE"]
[Date "1999.10.07"]
[Round "3"]
[White "Bohnenblust, Simon"]
[Black "Blehm, Pawel"]
[Result "0-1"]
[WhiteElo "2239"]
[BlackElo "2479"]
[EventDate "1999.10.02"]
[PlyCount "80"]

1.e4 c5 2.Nf3 d6 3.d4 cxd4 4.Nxd4 Nf6 5.Nc3 Bd7 6.Be2 Nc6 7.Bg5 Qa5 8.Bxf6
gxf6 9.O-O Nxd4 10.Qxd4 Rc8 11.Kh1 Qc5 12.Qd3 f5 13.Qg3 fxe4 14.Nxe4 Qd4 
15.Bd3 d5 16.Nc3 e6 17.Rad1 Qg7 18.Qf4 Rg8 19.g3 Qg4 20.Qxg4 Rxg4 21.Rfe1 
Bb4 22.Re5 Bxc3 23.bxc3 Rxc3 24.f4 Rg7 25.Rb1 b6 26.Kg2 Ke7 27.h3 Ra3 28.
Rb2 f6 29.Rh5 f5 30.Kf3 Ba4 31.Kf2 Bc6 32.Rh6 Bd7 33.Kf3 Bc8 34.g4 Ba6 35.
gxf5 exf5 36.Rb3 Rxa2 37.Bxf5 d4 38.Rb4 Ra3+ 39.Ke4 d3 40.Rd4 Bb7+ 0-1

[Event "27th ECh U20"]
[Site "Patras GRE"]
[Date "1999.10.07"]
[Round "3"]
[White "Johannessen, Leif Erlend"]
[Black "Hunt, Adam"]
[Result "0-1"]
[WhiteElo "2356"]
[BlackElo "2288"]
[EventDate "1999.10.02"]
[PlyCount "96"]

1.d4 Nf6 2.c4 g6 3.Nc3 Bg7 4.e4 d6 5.Nf3 O-O 6.h3 e5 7.d5 a5 8.Bg5 Na6 9.
g4 Nc5 10.Nd2 c6 11.Qf3 Rb8 12.Be2 Bd7 13.Nf1 h6 14.Be3 cxd5 15.cxd5 b5 
16.Ng3 b4 17.Nd1 Bb5 18.Bxb5 Rxb5 19.Qe2 Qb8 20.f3 Rc8 21.h4 Nfd7 22.Nf2 
b3 23.h5 bxa2 24.Rxa2 Nb3 25.O-O Rb7 26.Kg2 Rbc7 27.hxg6 fxg6 28.Rh1 Rc2 
29.Qd3 Nd4 30.Rxa5 Rxb2 31.Re1 Qb4 32.Qa6 Qxe1 33.Qxc8+ Nf8 34.Ra3 Nc2 35.
Qc3 Qb1 36.Ra7 Ne1+ 37.Kh3 Rc2 38.Qa1 Qxa1 39.Rxa1 Nxf3 40.Ra6 Rc3 41.Ba7 
Nh7 42.Rxd6 Nhg5+ 43.Kg2 Nh4+ 44.Kh2 Rc1 45.Nd3 Rd1 46.Nb4 Rd2+ 47.Kh1 
Ngf3 48.Bg1 Rg2 0-1

[Event "27th ECh U20"]
[Site "Patras GRE"]
[Date "1999.10.07"]
[Round "3"]
[White "Eriksson, Jonas"]
[Black "Cvek, Robert"]
[Result "0-1"]
[WhiteElo "2188"]
[BlackElo "2444"]
[EventDate "1999.10.02"]
[PlyCount "88"]

1.g3 c5 2.Bg2 Nc6 3.f4 g6 4.Nf3 Bg7 5.O-O d5 6.d3 e6 7.c3 Nge7 8.Qe1 b6 9.
Nbd2 O-O 10.Qf2 Ba6 11.g4 f5 12.Qh4 Qd7 13.g5 Rae8 14.Ne1 d4 15.c4 Bb7 16.
a3 e5 17.b4 Nd8 18.bxc5 bxc5 19.Nb3 Ne6 20.Rb1 Bxg2 21.Nxg2 e4 22.Qe1 Qa4 
23.Qa5 Qxa5 24.Nxa5 Rb8 25.Rb5 a6 26.Rb2 Rxb2 27.Bxb2 Rb8 28.Bc1 e3 29.Ne1
Rb1 30.Nc2 Nxf4 31.Bxe3 Rxf1+ 32.Kxf1 dxe3 33.Nxe3 Bd4 34.Nc2 Ne6 35.h4 
Be5 36.Kf2 Kf7 37.Nb7 Ke8 38.e3 Kd7 39.Na5 Nc6 40.Nb3 f4 41.Kf3 fxe3 42.
Nxe3 Ned4+ 43.Nxd4 Nxd4+ 44.Kg4 Ke6 0-1

[Event "27th ECh U20"]
[Site "Patras GRE"]
[Date "1999.10.07"]
[Round "3"]
[White "Medvegy, Zoltan"]
[Black "Molander, Riku"]
[Result "1/2-1/2"]
[WhiteElo "2397"]
[BlackElo "2234"]
[EventDate "1999.10.02"]
[PlyCount "67"]

1.e4 c5 2.Nf3 Nc6 3.d4 cxd4 4.Nxd4 g6 5.c4 Bg7 6.Be3 Nf6 7.Nc3 Ng4 8.Qxg4 
Nxd4 9.Qd1 Ne6 10.Qd2 Qa5 11.Rc1 b6 12.b3 Bb7 13.Nd5 Qxd2+ 14.Kxd2 Rc8 15.
f3 f5 16.exf5 gxf5 17.Bd3 Nc5 18.Bf4 Nxd3 19.Kxd3 Kf7 20.Bd2 e6 21.Nc3 d5 
22.cxd5 Ba6+ 23.Kc2 exd5 24.Kb2 Rhe8 25.Rce1 Rxe1 26.Rxe1 Bd3 27.Rc1 b5 
28.a3 a5 29.Ka2 a4 30.bxa4 bxa4 31.Nxa4 Bc4+ 32.Kb1 Bd3+ 33.Ka2 Bc4+ 34.
Kb1 1/2-1/2

[Event "27th ECh U20"]
[Site "Patras GRE"]
[Date "1999.10.07"]
[Round "3"]
[White "Streikus, Simonas"]
[Black "Kobrin, Michael"]
[Result "1/2-1/2"]
[WhiteElo "2267"]
[BlackElo "2355"]
[EventDate "1999.10.02"]
[PlyCount "77"]

1.d4 d5 2.c4 e6 3.Nc3 Be7 4.Nf3 Nf6 5.cxd5 exd5 6.Bg5 O-O 7.e3 Nbd7 8.Bd3 
Re8 9.Qc2 c6 10.O-O Nf8 11.Rae1 Ne4 12.Bxe7 Qxe7 13.Bxe4 dxe4 14.Nd2 f5 
15.f3 exf3 16.Rxf3 Be6 17.e4 fxe4 18.Ndxe4 Qd7 19.Qd3 Bd5 20.Rfe3 Bxe4 21.
Rxe4 Rxe4 22.Qxe4 Rd8 23.Rd1 Re8 24.Qf3 Qf7 25.Qxf7+ Kxf7 26.d5 cxd5 27.
Rxd5 Ke6 28.Rd3 Ng6 29.Ne4 Rc8 30.Rd2 Ke5 31.Nd6 Rc7 32.Kf2 a6 33.a4 Nf4 
34.b3 Rc3 35.Nxb7 Nd3+ 36.Ke2 Nc1+ 37.Kf2 Nd3+ 38.Ke2 Nc1+ 39.Kf2 1/2-1/2

[Event "27th ECh U20"]
[Site "Patras GRE"]
[Date "1999.10.07"]
[Round "3"]
[White "Crut, Aurelien"]
[Black "Berescu, Alin"]
[Result "0-1"]
[WhiteElo "2207"]
[BlackElo "2386"]
[EventDate "1999.10.02"]
[PlyCount "118"]

1.d4 Nf6 2.Nf3 e6 3.Bg5 h6 4.Bh4 c5 5.e3 cxd4 6.exd4 Be7 7.c3 b6 8.Bd3 Ba6
9.Bxa6 Nxa6 10.Qe2 Nc7 11.Nbd2 O-O 12.O-O d6 13.h3 Qd7 14.Rfe1 b5 15.b3 
Rfc8 16.Rac1 Nce8 17.c4 bxc4 18.bxc4 Qa4 19.Nb3 Bf8 20.c5 Nd5 21.Rc4 Qa6 
22.Rec1 Rc6 23.Bg3 Rac8 24.Qd2 Qb5 25.Qa5 a6 26.Ne1 dxc5 27.dxc5 Qxa5 28.
Nxa5 Rxc5 29.Rxc5 Rxc5 30.Rxc5 Bxc5 31.Nd3 Be7 32.Nc6 Kf8 33.Nde5 Nec7 34.
Kf1 Ke8 35.Nc4 f6 36.f3 e5 37.Bf2 Kd7 38.Nb8+ Ke6 39.Nc6 Bf8 40.Be1 Bc5 
41.Ba5 Kd7 42.Nb8+ Kc8 43.Nc6 Ne6 44.Bd2 Kc7 45.N6a5 Bb4 46.Bxb4 Nxb4 47.
a3 Nc6 48.Nb3 Ncd4 49.Nbd2 Kc6 50.Ne4 Kb5 51.Nb2 Nc2 52.Nd6+ Kc5 53.Ne4+ 
Kd4 54.a4 Ne3+ 55.Kf2 Nc4 56.Nd1 Kd3 57.g4 Kc2 58.Ndc3 Nd2 59.Nxd2 Kxc3 
0-1

[Event "27th ECh U20"]
[Site "Patras GRE"]
[Date "1999.10.07"]
[Round "3"]
[White "Haznedaroglu, Kivanc"]
[Black "Kallio, Heikki"]
[Result "1/2-1/2"]
[WhiteElo "2187"]
[BlackElo "2360"]
[EventDate "1999.10.02"]
[PlyCount "144"]

1.e4 c5 2.Nf3 e6 3.d4 cxd4 4.Nxd4 Nf6 5.Nc3 d6 6.a4 Be7 7.Be2 Nc6 8.O-O 
O-O 9.Be3 a6 10.Qe1 Nxd4 11.Bxd4 e5 12.Be3 Be6 13.a5 Rc8 14.f4 exf4 15.
Bxf4 b5 16.Bf3 Re8 17.Qd1 b4 18.Nd5 Nxd5 19.exd5 Bf5 20.Qd4 Rxc2 21.Qxb4 
Qb8 22.Qa4 Rxb2 23.Rae1 Rb5 24.Be2 Rb7 25.Be3 Rb4 26.Qc6 Bh4 27.Bf2 Bxf2+ 
28.Rxf2 Bd3 29.Qc3 Rb3 30.Qd4 Bg6 31.Ref1 Qc7 32.Qa4 Rbe3 33.Bxa6 Ra8 34.
Qd4 Re4 35.Qb6 Qxb6 36.axb6 Rxa6 37.b7 Rb6 38.Rc2 f6 39.Rc8+ Re8 40.Re1 
Rxb7 41.Rexe8+ Bxe8 42.Rxe8+ Kf7 43.Rd8 Ke7 44.Rg8 Kf7 45.Rd8 Rb6 46.Kf2 
f5 47.Ke3 Ke7 48.Rg8 Kf6 49.Re8 Rb2 50.Kf3 Rb3+ 51.Ke2 Kg5 52.Re6 Rb6 53.
Kf3 g6 54.g3 Rb3+ 55.Kg2 Rb2+ 56.Kh3 Kh5 57.Rxd6 g5 58.g4+ fxg4+ 59.Kg3 
Rd2 60.Rd7 h6 61.Rd6 Ra2 62.Re6 Rb2 63.Ra6 Re2 64.Re6 Rxe6 65.dxe6 Kg6 66.
e7 Kf7 67.Kxg4 Kxe7 68.Kh5 Kf6 69.Kxh6 Kf5 70.Kh5 Kf4 71.h3 Kf5 72.Kh6 g4 
1/2-1/2

[Event "27th ECh U20"]
[Site "Patras GRE"]
[Date "1999.10.07"]
[Round "3"]
[White "Ribshtein, Nati"]
[Black "Nikolchovski, Toni"]
[Result "1-0"]
[WhiteElo "2349"]
[BlackElo "2190"]
[EventDate "1999.10.02"]
[PlyCount "89"]

1.d4 Nf6 2.c4 g6 3.Nc3 Bg7 4.e4 d6 5.Nf3 O-O 6.Be2 Nbd7 7.O-O e5 8.Be3 Ng4
9.Bg5 f6 10.Bh4 h5 11.h3 Nh6 12.d5 g5 13.Bg3 h4 14.Bh2 Rf7 15.Nd2 Bf8 16.
b4 Be7 17.Nb3 Rg7 18.Rc1 Nf8 19.Bg4 Nxg4 20.hxg4 Ng6 21.f3 b6 22.Qd2 Nf4 
23.Nd1 Qe8 24.Nb2 Bd8 25.Rc2 Qg6 26.Rfc1 Bxg4 27.fxg4 Qxe4 28.Re1 Qg6 29.
Nd1 f5 30.Ne3 fxg4 31.Nxg4 Kh8 32.Rc3 Qf5 33.Qd1 Be7 34.Nd2 Rf8 35.Ne4 Rg6
36.Nef2 Kg7 37.Qc2 Qf7 38.Qe4 Qe8 39.c5 bxc5 40.bxc5 Qb5 41.Bxf4 gxf4 42.
cxd6 cxd6 43.Rc7 Rf7 44.Rb1 Qe8 45.Rbb7 1-0

[Event "27th ECh U20"]
[Site "Patras GRE"]
[Date "1999.10.07"]
[Round "3"]
[White "Guid, Matej"]
[Black "Mastrovasilis, Athanasios"]
[Result "0-1"]
[WhiteElo "2185"]
[BlackElo "2345"]
[EventDate "1999.10.02"]
[PlyCount "77"]

1.e4 c5 2.Nf3 Nc6 3.Bc4 e6 4.Nc3 a6 5.a4 Nf6 6.Qe2 d6 7.O-O Be7 8.Rd1 d5 
9.Ba2 d4 10.Nb1 O-O 11.d3 b5 12.e5 Nd7 13.Bf4 Nb6 14.axb5 axb5 15.Na3 Nb4 
16.Bb3 N4d5 17.Bd2 Bd7 18.c3 dxc3 19.bxc3 Rxa3 20.Rxa3 c4 21.Raa1 cxb3 22.
Rdb1 Na4 23.Rxb3 Qc7 24.Rc1 Bc5 25.c4 bxc4 26.Rxc4 Rb8 27.Qd1 Rxb3 28.Qxb3
Qb6 29.Qxb6 Bxb6 30.Bc1 h6 31.Ba3 Kh7 32.Nd2 Nac3 33.Bc5 Bd8 34.Bd4 Ne2+ 
35.Kf1 Nef4 36.g3 Nxd3 37.Kg2 g5 38.f3 Bc7 39.h4 0-1

[Event "27th ECh U20"]
[Site "Patras GRE"]
[Date "1999.10.07"]
[Round "3"]
[White "Anchev, Nikolai"]
[Black "Skytte, Rasmus"]
[Result "1-0"]
[WhiteElo "2155"]
[BlackElo "2338"]
[EventDate "1999.10.02"]
[PlyCount "97"]

1.e4 c5 2.Nf3 Nc6 3.d4 cxd4 4.Nxd4 Qc7 5.Nb5 Qb8 6.c4 a6 7.N5c3 e6 8.Be3 
Nf6 9.Be2 d6 10.O-O Be7 11.Na3 O-O 12.Nc2 Nd7 13.Qd2 b6 14.Rac1 Bb7 15.
Rfd1 Qa7 16.Bg5 Nf6 17.Bxf6 Bxf6 18.Qxd6 Rad8 19.Qg3 Qa8 20.Qe3 Ne7 21.f3 
Rb8 22.Na4 Nc8 23.e5 Be7 24.b4 Bd8 25.Nc3 Ne7 26.Bd3 Bc7 27.Qg5 Ng6 28.f4 
f6 29.Qg3 f5 30.Nd4 Rfe8 31.Be2 Bxg2 32.Qxg2 Qxg2+ 33.Kxg2 Nxf4+ 34.Kf3 
Ng6 35.Nc6 Nxe5+ 36.Nxe5 Bxe5 37.h4 Bf6 38.h5 g5 39.hxg6 hxg6 40.c5 bxc5 
41.bxc5 Rec8 42.Na4 e5 43.Rd7 e4+ 44.Kf4 Bh4 45.Bc4+ Kh8 46.Rh1 g5+ 47.
Kxf5 Rb4 48.Bd5 Rd4 49.Kg6 1-0

[Event "27th ECh U20"]
[Site "Patras GRE"]
[Date "1999.10.07"]
[Round "3"]
[White "Shavtvaladze, Nikoloz"]
[Black "Erturan, Yakup"]
[Result "1-0"]
[WhiteElo "2289"]
[BlackElo "2148"]
[EventDate "1999.10.02"]
[PlyCount "59"]

1.e4 c5 2.Nf3 d6 3.d4 cxd4 4.Nxd4 Nf6 5.Nc3 a6 6.Be2 e5 7.Nb3 Be7 8.O-O 
O-O 9.Kh1 Nbd7 10.f4 b5 11.a4 Bb7 12.Bf3 b4 13.Nd5 Bxd5 14.exd5 e4 15.Be2 
Nb6 16.g4 a5 17.Bb5 Qc8 18.Bc6 Nxg4 19.Bxa8 Qf5 20.Bc6 Bh4 21.Qe2 Nc4 22.
Nd4 Qh5 23.h3 f5 24.Nxf5 Nf2+ 25.Rxf2 Qxf5 26.Rh2 e3 27.Qxc4 Bf2 28.Bxe3 
Bxe3 29.Rf1 b3 30.Qd3 1-0

[Event "27th ECh U20"]
[Site "Patras GRE"]
[Date "1999.10.07"]
[Round "3"]
[White "Lelumees, Brait"]
[Black "Touloumis, Anestis"]
[Result "1-0"]
[WhiteElo "2121"]
[BlackElo "2111"]
[EventDate "1999.10.02"]
[PlyCount "103"]

1.e4 c5 2.Nf3 d6 3.d4 cxd4 4.Nxd4 Nf6 5.Nc3 g6 6.Be3 Bg7 7.Be2 Nc6 8.h4 
O-O 9.h5 d5 10.hxg6 hxg6 11.Nxc6 bxc6 12.e5 Ne4 13.Nxe4 dxe4 14.Bd4 Be6 
15.Qd2 c5 16.Bc3 Qxd2+ 17.Kxd2 f5 18.Ke3 Kf7 19.g4 Rh8 20.gxf5 gxf5 21.
Bh5+ Kf8 22.Rag1 Bh6+ 23.Ke2 Rb8 24.Rg6 Rb6 25.Ke1 Bc1 26.b3 Bf7 27.Rxb6 
axb6 28.Bf3 Rxh1+ 29.Bxh1 Bd5 30.Kd1 Bf4 31.Ke2 Kf7 32.f3 exf3+ 33.Bxf3 
Bxf3+ 34.Kxf3 Bc1 35.Ba1 Ke6 36.c4 Kf7 37.Bc3 e6 38.a4 Ba3 39.Ke2 Kg6 40.
Kd1 f4 41.Ke2 Kf5 42.Kf3 Bb4 43.Bb2 Bd2 44.Ke2 Be3 45.Kf3 Bd2 46.Ba1 Bb4 
47.Bb2 Bd2 48.Ba1 Bb4 49.Bb2 Bd2 50.Ke2 Kg4 51.Kxd2 Kg3 52.Ke1 1-0

[Event "27th ECh U20"]
[Site "Patras GRE"]
[Date "1999.10.08"]
[Round "4"]
[White "Iliushin, Alexei"]
[Black "De Vreugt, Dennis"]
[Result "1-0"]
[WhiteElo "2527"]
[BlackElo "2398"]
[EventDate "1999.10.02"]
[PlyCount "109"]

1.d4 Nf6 2.c4 c5 3.d5 b5 4.cxb5 a6 5.b6 e6 6.Nc3 Nxd5 7.Nxd5 exd5 8.Qxd5 
Nc6 9.Nf3 Rb8 10.e4 Be7 11.Bc4 O-O 12.Bd2 Qxb6 13.Bc3 Nb4 14.Qd2 Qg6 15.
O-O Bb7 16.Ne5 Qxe4 17.f3 Qh4 18.g3 Qh5 19.Qxd7 Bg5 20.Rae1 Bc8 21.Qd6 Rb7
22.Nxf7 Rbxf7 23.Qxc5 Nc2 24.Bxf7+ Qxf7 25.Qxg5 Nxe1 26.Rxe1 h6 27.Qe5 Bh3
28.Re3 Qa7 29.Kf2 Rf7 30.Qe8+ Kh7 31.Qe4+ Bf5 32.Qd4 Qb7 33.g4 Bg6 34.Qe5 
Qd7 35.Qd4 Qb5 36.f4 Bb1 37.a3 Qb8 38.Kg3 Qb7 39.f5 Rd7 40.Qe5 Qh1 41.Re1 
Qa8 42.Bd4 Bc2 43.Qe6 Qb8+ 44.Kg2 Rd6 45.Qf7 Qg8 46.Qxg8+ Kxg8 47.Bc3 Kf7 
48.Bb4 Rd7 49.Re6 Ra7 50.Bc5 Rc7 51.b4 a5 52.Kf3 h5 53.h3 g5 54.Rh6 Bd1+ 
55.Kf2 1-0

[Event "27th ECh U20"]
[Site "Patras GRE"]
[Date "1999.10.08"]
[Round "4"]
[White "Solak, Dragan"]
[Black "Lopez Martinez, Josep Manuel"]
[Result "1/2-1/2"]
[WhiteElo "2457"]
[BlackElo "2378"]
[EventDate "1999.10.02"]
[PlyCount "86"]

1.e4 c5 2.Nf3 d6 3.d4 Nf6 4.Nc3 cxd4 5.Nxd4 a6 6.Be3 Nc6 7.f3 Qb6 8.a3 Bd7
9.g4 h6 10.Bc4 Rc8 11.Bb3 Ne5 12.Qe2 Qa5 13.O-O-O b5 14.h4 Rxc3 15.bxc3 
Qxa3+ 16.Kb1 g6 17.g5 Nh5 18.Rhg1 hxg5 19.hxg5 Bg7 20.f4 Nc4 21.Bxc4 bxc4 
22.Qxc4 O-O 23.Qb4 Qxb4+ 24.cxb4 Rb8 25.c3 a5 26.Rg2 axb4 27.cxb4 Rxb4+ 
28.Rb2 Rxb2+ 29.Kxb2 Ng3 30.Ra1 Nxe4 31.Ra8+ Kh7 32.Ra7 e5 33.Rxd7 exd4 
34.Bg1 Kg8 35.Rd8+ Kh7 36.Rd7 Kg8 37.Rd8+ Kh7 38.Kc2 Nc5 39.Rxd6 Ne6 40.
Bh2 Kg8 41.Kd3 Bf8 42.Rd5 Ba3 43.Ra5 Bc1 1/2-1/2

[Event "27th ECh U20"]
[Site "Patras GRE"]
[Date "1999.10.08"]
[Round "4"]
[White "Dottling, Fabian"]
[Black "Dovliatov, Sanan"]
[Result "1-0"]
[WhiteElo "2475"]
[BlackElo "2339"]
[EventDate "1999.10.02"]
[PlyCount "65"]

1.d4 d6 2.Nf3 f5 3.g3 Nf6 4.Bg2 g6 5.O-O Bg7 6.b3 O-O 7.Bb2 Qe8 8.Nbd2 Nc6
9.Re1 e5 10.e4 f4 11.d5 Ne7 12.c4 Nh5 13.c5 Bg4 14.Nc4 Rd8 15.Qd3 Bh6 16.
cxd6 cxd6 17.Nxd6 Rxd6 18.Nxe5 Bc8 19.Nc4 Rd8 20.a4 Bg7 21.e5 Be6 22.Nd6 
Bf5 23.Nxf5 Rxf5 24.d6 Nc6 25.g4 Rg5 26.gxh5 Nxe5 27.Bxe5 Bxe5 28.Qd5+ Kh8
29.Rad1 f3 30.Qxf3 Rxh5 31.h3 Qe6 32.Rd5 Qf6 33.Rdxe5 1-0